|
|
|
|
| LEADER |
00000cam a2200000 a 4500 |
| 001 |
49067 |
| 005 |
20230308162855.0 |
| 008 |
003032|1988 ||||||||r|||||||||||spa|| |
| 040 |
|
|
|b spa
|
| 041 |
1 |
|
|a spa
|
| 082 |
0 |
|
|a 660.29
|
| 100 |
1 |
|
|a Van Valkenburgh
|9 37369
|
| 245 |
|
|
|a Electricidad industrial básica
|c Van Valkenburgh.Traducción Jorge Jauregui.
|h imp
|
| 264 |
|
|
|a México
|b C.E.C.S.A
|c 1988
|
| 300 |
|
|
|a 154 páginas:
|c 23 cm
|
| 504 |
|
|
|a incl. ref.
|
| 650 |
1 |
0 |
|a Radiactividad
|9 34626
|
| 650 |
1 |
0 |
|a Energía hidroeléctrica
|9 8005
|
| 650 |
1 |
0 |
|a Iluminación
|9 17450
|
| 650 |
1 |
|
|a Motores electricos
|9 34736
|
| 852 |
|
|
|a UC-CDJBV
|c SEGUNDO PISO
|f Donación
|k mariana.quezada
|l 1
|m General
|p 20030321
|r 2
|t 49067
|y 28001
|b 0
|d CDRC
|e CDRC
|g 660.29 SEGUNDO PISO
|z 2003-30-32
|
| 942 |
|
|
|c BK
|
| 999 |
|
|
|c 19673
|d 19673
|